| 000 | 01485nam2a22003131 4500 | ||
|---|---|---|---|
| 001 | v19\rc\1605463 | ||
| 005 | 20250618222447.0 | ||
| 035 | _a(NLR Aleph) 004727041 | ||
| 090 |
_a4411872 _c4411872 |
||
| 100 | _a20061002d1896 |||y0rusy50 ca | ||
| 101 | 0 | _arus | |
| 102 | _aRU | ||
| 105 | _ay z ||||| | ||
| 200 | 0 | _a[Вып. 1] | |
| 210 |
_d1896 _aБ. м. |
||
| 215 | _a204 с. | ||
| 461 | 0 |
_1001v19\rc\1605462 _12001#$aОчерк истории западноевропейской литературы в средние века и в эпоху Возрождения$eЛекции орд. проф. Моск. ун-та Н.И. Стороженко. [Вып. 1]-$v[Вып. 1] _1700#1$aСтороженко$bН.И.$f1836-1906$gНиколай Ильич _94411862 _aСтороженко, Н.И. (1836-1906) _cМосква _d1896 _nлит. О-ва распр. полез. кн. _oЛекции орд. проф. Моск. ун-та Н.И. Стороженко. [Вып. 1]- _tОчерк истории западноевропейской литературы в средние века и в эпоху Возрождения _v[Вып. 1] |
|
| 801 | 0 |
_aRU _bNLR _gpsbo |
|
| 801 | 0 |
_aRU _bRuMoRGB _2psbo |
|
| 801 | 1 |
_aRU _bProSoft-M _2rusmarc |
|
| 852 |
_aNLR _j18.219.1.1 |
||
| 852 |
_aNLR _j127/1279 |
||
| 899 |
_aRuMoRGB _jT 62/109 |
||
| 899 |
_aRuMoRGB _jA 202/21 |
||
| 899 |
_aRuMoRGB _jПриплет к T 68/412 |
||
| 899 | _aБАН | ||
| 899 | _aГПИБ | ||
| 942 | _cBOOK | ||
| 980 | _aNB | ||